kku e-library facility

Super Review all you need to know: Organic Chemistry I (Record no. 240)

MARC details
000 -LEADER
fixed length control field 00419nam a2200133 4500
005 - DATE AND TIME OF LATEST TRANSACTION
control field 20260427123149.0
008 - FIXED-LENGTH DATA ELEMENTS--GENERAL INFORMATION
fixed length control field 260427b |||||||| |||| 00| 0 eng d
020 ## - INTERNATIONAL STANDARD BOOK NUMBER
International Standard Book Number 0-87891-192-8
100 ## - MAIN ENTRY--PERSONAL NAME
Personal name Fogiel Max
245 ## - TITLE STATEMENT
Title Super Review all you need to know: Organic Chemistry I
Statement of responsibility, etc. /Max Fogiel
260 ## - PUBLICATION, DISTRIBUTION, ETC.
Place of publication, distribution, etc. Piscataway, New Jersey;
Name of publisher, distributor, etc. Research and Education Association;
Date of publication, distribution, etc. 2000
300 ## - PHYSICAL DESCRIPTION
Extent x,356p.ill;
Dimensions 21cm
942 ## - ADDED ENTRY ELEMENTS (KOHA)
Source of classification or shelving scheme Library of Congress Classification
Suppress in OPAC No
Koha item type Books

No items available.

©2025 All rights reserved. KKU